Представление документа в формате RUSMARC

ПолеНазваниеЗначение
  Тип записи a
  Библиографический уровень m
001 Контрольный номер 2cf7e471-3cd5-45b9-8f52-c2754ec91f17
005 Дата корректировки 20140820192400.9
100 Данные общей обработки __
a Данные общей обработки 20090204 |||y0 y0189 ca
101 Язык документа __
a Язык текста rus
105 Кодированные данные (монография) __
a Кодированные данные (монография) zy
200 Заглавие и сведения об ответственности 0_
a Заглавие Менеджмент в международном бизнесе
e Сведения, относящиеся к заглавию Задания для самостоятельной работы студентов и методические рекомендации по их выполнению [текст]
f Первые сведения об ответственности Т.А. Асонов
210 Выходные данные __
a Место издания М.
c Издательство РУК
d Дата издания 2007
215 Физическое описание __
a Объем 23с.
606 Тематические рубрики __
a Основная рубрика Менеджмент
610 Ключевые слова __
a Ключевые слова менеджмент
a Ключевые слова международный бизнес
a Ключевые слова методические рекомендации
675 Индекс УДК __
a Индекс УДК 65.01(075.8)
686 Индексы других классификаций __
a Классификационный индекс 65.050.8я73
2 Код системы rubbk
700 Автор _1
a Фамилия Асонов
b Имя Т.А.
852 Данные о местонахождении __
h Классификационный индекс 337
i Авторский знак А-90
899 Данные о местонахождении __
b Место хранения УчФ
t Номер экземпляра 1
h Классификационная часть РШ 337
i Авторский знак А-90
901 Тип документа __
t Тип документа m
938 Служебная информация __
a Название организации Краснодарский филиал
b Имя БД Методические пособия
c Название АИБС АИБС Библиотека